Statystyki dla Piłka nożna quiz #73 - Wiedza ogólna

Kliknij tutaj aby rozwiązać quiz!

Ogólne statystyki

  • Ten quiz został rozwiązany 317 razy
  • Średni wynik to 7 z 15

Statystyki odpowiedzi

ZagadnienieOdpowiedź% Poprawnych
Kto jest prezesem FC Barcelony?Joan Laporta
76%
Kto wygrał Ligę Mistrzów w sezonie 2014/2015?FC Barcelona
75%
Jaki przydomek nosi drużyna AC Milan?Rossoneri
75%
W którym roku odbyły się Mistrzostwa Europy w Austrii i Szwajcarii?W 2008 roku
67%
Ile bramek strzelił Cristiano Ronaldo w barwach Realu Madryt?450
60%
Który z wymienionych piłkarzy ma najwięcej występów w barwach Bayernu Monachium?Thomas Müller
54%
Ile klubów znajduje się w rozgrywkach Ligue 1?18
51%
Kto nie zdobył bramki w finale Mistrzostw Świata 2018 pomiędzy Francją i Chorwacją?Olivier Giroud
47%
Jakiej szerokości jest bramka do piłki nożnej?7,32 m
40%
W jakim klubie nigdy nie wystąpił Xabi Alonso?Celta Vigo
39%
Który z wymienionych piłkarzy ma najwięcej strzelonych bramek w Premier League?Sergio Agüero
35%
Kto jest najlepszym strzelcem Ekstraklasy wszechczasów?Tomasz Frankowski
28%
Z którego polskiego klubu do Lecha Poznań trafił Manuel Arboleda?Zagłębie Lubin
27%
Przeciwko któremu krajowi reprezentacja Polski posiada rekordowe 22 zwycięstwa?Finlandia
22%
Ile lat miał Lamine Yamal kiedy zadebiutował w Lidze Mistrzów?15
15%

Rozkład punktacji

Percentyl według liczby udzielonych odpowiedzi

Procent ludzi z każdym wynikiem

Twoja historia wyników

Nie rozwiązałeś tego quizu